Tenis oficiálny spravodaj Slovenského tenisového zväzu

Bibliographic Details
Previous Title:Slovenský tenis
Format: Journal
Language:Slovak
PhysicalDescription:7 zv. 30 cm
Published: Bratislava STZ Marketing 2006-2012
ISSN:1335-8669
Subjects:

MARC

LEADER 00000cas a2200000 a 4500
001 vtls008885187
003 SK-MaSNL
005 20260228161443.0
008 141119d20062012xo mr|p 0 b0slo d
035 |a (SVKBB03)vtls000250983 
040 |a SVKBB  |b slo  |c SVKBB  |d SAVUK  |d SNK  |e AACR2 
041 0 |a slo 
044 |a xo  |c SK 
072 7 |a 796  |x Šport. Hry. Telesné cvičenia  |2 konspekt 
080 |a 796.342  |2 2001 
080 |a 050  |2 2001 
245 0 0 |a Tenis  |b oficiálny spravodaj Slovenského tenisového zväzu 
260 |a Bratislava  |b STZ Marketing  |c 2006-2012 
300 |a 7 zv.  |c 30 cm 
310 |a 1x mesačne 
362 0 |a Roč. XIII, č. 11 (nov. 2006)-roč. XIX, č. 12 (dec. 2012) 
500 |a Od r. 2013 informácie na internetovej stránke zväzu: www.stz.sk 
500 |a Reg. č. MK SR 922/94 ; Reg. č. MK SR 3872/09 
500 |a Šéfredaktorka: 11/2006-12/2012, Zuzana Wisterová 
547 |a Do októbra 2006 vychádzal pod názvom Slovenský tenis 
610 2 7 |a Slovenský tenisový zväz  |2 SNKKA  |9 32705 
650 0 7 |a tenis  |2 SNKPH  |9 3293 
655 7 |a spravodajské časopisy  |2 SNKPH  |9 70527 
780 0 0 |t Slovenský tenis  |x 1335-8669  |w vtls001469797 
852 |a Štátna vedecká knižnica v Banskej Bystrici 
910 |a savuk 
910 |a snk 
916 |a 2006-2012 
958 |a OND 
999 |c 5403  |d 7333 
952 |0 0  |1 0  |4 0  |7 0  |8 0  |a SNK  |b SNK  |d 2013-04-03  |f 1  |i snk2013/7549  |l 0  |o snkČSB 4641/14/2007  |p 17A0868848  |r 2026-02-21 20:24:11  |t č. 1-12  |w 2026-02-21  |y PREZ 
952 |0 0  |1 0  |4 0  |7 0  |8 0  |a SNK  |b SNK  |d 2013-04-03  |i snk2013/7551  |l 0  |o snkČSB 4641/14/2007 D1  |p 17A0868849  |r 2026-02-21 20:24:11  |t č. 1-12  |w 2026-02-21  |y PREZ 
952 |0 0  |1 0  |4 0  |7 0  |8 0  |a SNK  |b SNK  |d 2013-04-03  |f 1  |i snk2013/7553  |l 0  |o snkČSB 4641/15/2008  |p 17A0868850  |r 2026-02-21 20:24:11  |t č. 1-12  |w 2026-02-21  |y PREZ 
952 |0 0  |1 0  |4 0  |7 0  |8 0  |a SNK  |b SNK  |d 2013-04-03  |i snk2013/7554  |l 0  |o snkČSB 4641/15/2008 D1  |p 17A0868851  |r 2026-02-21 20:24:11  |t č. 1-12  |w 2026-02-21  |y PREZ 
952 |0 0  |1 0  |4 0  |7 0  |8 0  |a SNK  |b SNK  |d 2013-04-03  |f 1  |i snk2013/7558  |l 0  |o snkČSB 4641/16/2009  |p 17A0868852  |r 2026-02-21 20:24:11  |t č. 1-12  |w 2026-02-21  |y PREZ 
952 |0 0  |1 0  |4 0  |7 0  |8 0  |a SNK  |b SNK  |d 2013-04-03  |i snk2013/7561  |l 0  |o snkČSB 4641/16/2009 D1  |p 17A0868853  |r 2026-02-21 20:24:11  |t č. 1-12  |w 2026-02-21  |y PREZ 
952 |0 0  |1 0  |4 0  |7 0  |8 0  |a SNK  |b SNK  |d 2014-07-23  |f 1  |i snk2014/15875  |l 0  |o snkČSB 4641/13/2006/2  |p 17A1045901  |r 2026-02-21 21:32:51  |t č. 11-12  |w 2026-02-21  |y PREZ 
952 |0 0  |1 0  |4 0  |7 0  |8 0  |a SNK  |b SNK  |d 2014-07-22  |f 1  |i snk2014/15815  |l 0  |o snkČSB 4641/17/2010  |p 17A1045894  |r 2026-02-21 21:32:55  |t č. 1-12  |w 2026-02-21  |y PREZ 
952 |0 0  |1 0  |4 0  |7 0  |8 0  |a SNK  |b SNK  |d 2014-07-22  |i snk2014/15818  |l 0  |o snkČSB 4641/17/2010 D1  |p 17A1045895  |r 2026-02-21 21:32:55  |t č. 1-12  |w 2026-02-21  |y PREZ 
952 |0 0  |1 0  |4 0  |7 0  |8 0  |a SNK  |b SNK  |d 2014-07-22  |f 1  |i snk2014/15820  |l 0  |o snkČSB 4641/18/2011  |p 17A1045896  |r 2026-02-21 21:32:55  |t č. 1-12  |w 2026-02-21  |y PREZ 
952 |0 0  |1 0  |4 0  |7 0  |8 0  |a SNK  |b SNK  |d 2014-07-22  |i snk2014/15822  |l 0  |o snkČSB 4641/18/2011 D1  |p 17A1045898  |r 2026-02-21 21:32:55  |t č. 1-12  |w 2026-02-21  |y PREZ 
952 |0 0  |1 0  |4 0  |7 0  |8 0  |a SNK  |b SNK  |d 2014-07-22  |f 1  |i snk2014/15825  |l 0  |o snkČSB 4641/19/2012  |p 17A1045899  |r 2026-02-21 21:32:55  |t č. 1-12  |w 2026-02-21  |y PREZ 
952 |0 0  |1 0  |4 0  |7 0  |8 0  |a SNK  |b SNK  |d 2014-07-22  |i snk2014/15827  |l 0  |o snkČSB 4641/19/2012 D1  |p 17A1045900  |r 2026-02-21 21:32:55  |t č. 1-12  |w 2026-02-21  |y PREZ